[Event "AUTO-OPEN-4644"]
[Site "http://www.queenalice.com/game.php?id=1870953"]
[Date "2026.3.24"]
[Round "1"]
[White "askasl159"]
[Black "game"]
[Result "1-0"]
[WhiteElo "1731"]
[BlackElo "1625"]

1. e4 d6 2. d4 e6 3. Nf3 Nf6 4. Nc3 Be7 5. Bc4 O-O 6. O-O e5 7. dxe5 Ng4 8. exd6
Bxd6 9. h3 Nh6 10. Bxh6 gxh6 11. Qd2 Qf6 12. Nd5 Qe6 13. Rfe1 Na6 14. Nd4 Qe5
15. f4 Qg7 16. e5 Bc5 17. Re3 Be6 18. Bxa6 bxa6 19. Nf6+ Kh8 20. Qd3 Rad8 21. c3
Be7 22. Rg3 Qxg3 23. Qxh7# 1-0

[Event "AUTO-OPEN-4644"]
[Site "http://www.queenalice.com/game.php?id=1870954"]
[Date "2026.3.24"]
[Round "1"]
[White "game"]
[Black "askasl159"]
[Result "0-1"]
[WhiteElo "1669"]
[BlackElo "1715"]

1. e4 e5 2. Nf3 Nc6 3. Bc4 Nf6 4. d3 Bc5 5. O-O O-O 6. Nc3 h6 7. Nd5 a6 8. Nxf6+
Qxf6 9. Be3 Bxe3 10. fxe3 b5 11. Nd2 Qe7 12. Bd5 Bb7 13. Qh5 Na5 14. Rf2 c6 15.
Bb3 d5 16. Raf1 Nxb3 17. axb3 Ra7 18. Nf3 dxe4 19. Nxe5 Qg5 20. Qxg5 hxg5 21.
Nd7 f6 22. Nxf8 Kxf8 23. dxe4 Bc8 24. Rd2 Re7 25. Rd8+ Re8 26. Rfd1 Ke7 27. R8d6
c5 28. e5 g4 29. g3 Kf7 30. Rc6 c4 31. Rc7+ Kg6 32. Rf1 cxb3 33. cxb3 f5 34.
Rc6+ Kg5 35. Rfc1 Bb7 36. Rc7 Bd5 37. Rxg7+ Kh5 38. Rf1 Rxe5 39. Rh7+ Kg6 40.
Ra7 Rxe3 41. Rxa6+ Kg5 42. h4+ gxh3 43. Kh2 Re2+ 44. Kxh3 Bg2+ 45. Kh2 Bxf1+ 46.
Kg1 Bg2 47. Rb6 Rxb2 48. Rxb5 Bf3 49. Rb4 Be4 50. Rb8 Kg4 51. Rg8+ Kf3 52. b4
Rb1+ 53. Kh2 Kf2 54. b5 Rh1# 0-1

[Event "AUTO-OPEN-4646"]
[Site "http://www.queenalice.com/game.php?id=1871390"]
[Date "2026.4.4"]
[Round "1"]
[White "askasl159"]
[Black "EduardoRo"]
[Result "1-0"]
[WhiteElo "1687"]
[BlackElo "1645"]

1. e4 e5 2. f4 f6 3. fxe5 fxe5 4. Nf3 Nc6 5. b3 d6 6. Bb2 Bg4 7. Be2 Qf6 8. O-O
O-O-O 9. Nd4 Qg5 10. Bxg4+ Kb8 11. Ne6 Qe7 12. Nxd8 Qxd8 13. d4 exd4 14. Bxd4
Nge7 15. Bb2 g6 16. Bxh8 Ne5 17. Bxe5 dxe5 18. Qxd8+ 1-0

[Event "AUTO-OPEN-4646"]
[Site "http://www.queenalice.com/game.php?id=1871391"]
[Date "2026.4.4"]
[Round "1"]
[White "EduardoRo"]
[Black "askasl159"]
[Result "0-1"]
[WhiteElo "1599"]
[BlackElo "1710"]

1. e4 e5 2. Nf3 Nc6 3. Bc4 h6 4. O-O Nf6 5. Nc3 Bc5 6. d3 O-O 7. Nh4 a6 8. Nf5
d6 9. Bd5 Nd4 10. Be3 Nxf5 11. Bxc5 c6 12. Bxf7+ Rxf7 13. Be3 Nxe3 14. fxe3 Be6
15. b3 d5 16. d4 exd4 17. exd4 Nxe4 18. Nxe4 Rxf1+ 19. Qxf1 Qe7 20. Nc5 Rf8 21.
Qd3 Bf5 22. Qg3 Bxc2 23. Re1 Qf6 24. Nd7 Qxd4+ 25. Kh1 Rf7 26. Ne5 Rf6 27. Nf3
Qc3 28. Re8+ Kh7 29. Re2 Qa1+ 30. Ng1 Rf1 31. Re1 Rxe1 32. Qxe1 Qxe1 33. a4 d4
0-1

[Event "AUTO-OPEN-4646"]
[Site "http://www.queenalice.com/game.php?id=1871392"]
[Date "2026.4.4"]
[Round "1"]
[White "askasl159"]
[Black "Pin"]
[Result "0-1"]
[WhiteElo "1743"]
[BlackElo "2139"]

1. e4 c5 2. b4 cxb4 3. a3 Nc6 4. Nf3 d6 5. Bb2 bxa3 6. Bxa3 Nf6 7. Nc3 g6 8. d4
Bg7 9. Bc4 O-O 10. O-O a6 11. h3 b5 12. Bd3 Bb7 13. d5 Na7 14. e5 dxe5 15. Bc5
Nxd5 16. Bxa7 Nxc3 17. Qe1 Rxa7 18. Nxe5 Nd5 19. f4 Qb6+ 20. Kh2 a5 21. Nd7 Qd6
22. Ne5 b4 23. Nc4 Qc7 24. Rb1 Nc3 25. Rb3 Bd5 26. Nxa5 Qxa5 0-1

[Event "AUTO-OPEN-4646"]
[Site "http://www.queenalice.com/game.php?id=1871393"]
[Date "2026.4.4"]
[Round "1"]
[White "Pin"]
[Black "askasl159"]
[Result "1-0"]
[WhiteElo "2141"]
[BlackElo "1723"]

1. d4 d5 2. Nf3 g6 3. Bg5 Bg7 4. Nc3 Nf6 5. e3 O-O 6. Bd3 Nc6 7. O-O a6 8. Ne5
h6 9. Bh4 g5 10. Bg3 Nh5 11. Qxh5 Nxe5 12. Bxe5 Qd7 13. f4 f6 14. Qg6 fxe5 15.
Qh7+ Kf7 16. fxe5+ Ke8 17. Qxg7 Rxf1+ 18. Rxf1 1-0

[Event "AUTO-OPEN-4647"]
[Site "http://www.queenalice.com/game.php?id=1871682"]
[Date "2026.4.8"]
[Round "1"]
[White "askasl159"]
[Black "josebaron"]
[Result "1/2-1/2"]
[WhiteElo "1727"]
[BlackElo "2181"]

1. e4 e5 2. f4 exf4 3. Nf3 Be7 4. Bc4 Bh4+ 5. g3 fxg3 6. O-O gxh2+ 7. Kh1 Nh6 8.
d4 d5 9. Bxd5 c6 10. Bxh6 cxd5 11. Nxh4 Qxh4 12. Qf3 Qxe4 13. Bxg7 Qxf3+ 14.
Rxf3 Rg8 15. Rg3 Be6 16. Nc3 Nc6 17. Kxh2 h5 18. Rag1 h4 19. Re3 a6 20. Bf6 Rxg1
21. Kxg1 h3 22. Nxd5 Rc8 23. Nf4 Ne7 24. d5 Nxd5 25. Nxd5 Rxc2 26. Nf4 h2+ 27.
Kh1 Kd7 28. Nxe6 fxe6 29. a4 b6 1/2-1/2

[Event "AUTO-OPEN-4647"]
[Site "http://www.queenalice.com/game.php?id=1871683"]
[Date "2026.4.8"]
[Round "1"]
[White "josebaron"]
[Black "askasl159"]
[Result "1-0"]
[WhiteElo "2170"]
[BlackElo "1745"]

1. e4 e5 2. Nf3 Nc6 3. Bc4 h6 4. O-O Nf6 5. d3 a6 6. a4 Bc5 7. Nc3 O-O 8. Nd5 d6
9. Nxf6+ Qxf6 10. Be3 Bxe3 11. fxe3 Be6 12. Bxe6 fxe6 13. Nd2 Qe7 14. Rxf8+ Rxf8
15. Nf3 d5 16. exd5 exd5 17. Qd2 e4 18. dxe4 dxe4 19. Nd4 Ne5 20. b3 c5 21. Ne2
Rd8 22. Qc3 b5 23. axb5 axb5 24. Rf1 b4 25. Qe1 c4 26. Nd4 cxb3 27. cxb3 Rc8 28.
Nf5 Qg5 29. h4 Qf6 30. Qxb4 Nc6 31. Qb7 Rb8 32. Qxc6 Rb6 33. Qe8+ Kh7 34. Ne7
Qe6 35. Rf8 g6 36. Rh8+ 1-0